Notes on some hydrological effects of land use changes in Peninsular Malaysia

Bibliographic Details
Corporate Author: MALAYSIA
Other Authors: GohKiam Seng, Toebes
Format: Book
Published: [Kuala Lumpur] : Ministry of Agriculture and Rural Development , 1975
Series:Water resources publication ; no. 4
Subjects:

MARC

LEADER 00000cam a2200000 7i4500
001 0000002419
005 20030609.0
090 0 0 |a 551.48095951   |b MAL 1975 
110 1 0 |a MALAYSIA   |c Jabatan Pengairan dan Saliran 
245 1 0 |a Notes on some hydrological effects of land use changes in Peninsular Malaysia   |c contributors, Cornelis Toebes and Goh Kiam Seng 
260 0 0 |a [Kuala Lumpur] :   |b Ministry of Agriculture and Rural Development ,   |c 1975 
300 |a iii, 21 p., [2] fold. leaves :   |b ill. ;   |c 31 cm. 
440 0 0 |a Water resources publication ; no. 4 
500 0 0 |a Bibliography: p. 16-20 
650 0 0 |a Hydrology   |z Malaysia 
650 0 0 |a Land use   |z Malaysia 
700 0 1 |a GohKiam Seng 
700 0 1 |a Toebes   |h C. 
998 |a JPSM 
999 |a 0000004072   |b Monograph   |c Open Shelf   |e Default branch